00358 a2200133 4500003000500000005001700005040000900022082001500031100003200046245008800078260002800166300001000194650002000204Nust20230228134711.0 cNust a297.02,NAD aNadvi, Muhammad Shahab udin aIslam ke Nishatt-e-Sania Quran ke Nazar main / cMaulana Muhammad Shahab udin Nadvi aKarachibMujlis-e-Islam a571:p aIslam and Quran